000 00858nam a2200241Ia 4500
003 GCL
008 140319s9999 xx 000 0 ara d
020 _a6301305977
040 _aGCL /
_cGCL
082 0 4 _a791.43
_bهـ ح
100 1 _aهشام لاشين
245 1 0 _aحسين عفيفى مهندس التوليف السينمائى :
_bذكريات .. وافلام /
_cهشام لاشين
250 _aالاولى
260 _aالقاهرة :
_bوزارة الثقافة - صندوق التنمية الثقافية ،
_c2001
300 _a106ص ؛
_c20سم
650 0 4 _aالسينما
650 0 4 _aالتصوير السينمائى
650 0 4 _aالسينما - تراجم
650 0 4 _aالافلام السينمائية - مصر
650 0 4 _aحسين عفيفى
650 0 4 _aالمصورون المصريون
942 _2ddc
_cBK
999 _c7818
_d7818